[Event "20 ans"]
[Site "?"]
[Date "2016.10.22"]
[Round "8.6"]
[White "Lagarde, Maxime"]
[Black "Onischuk, Vladimir"]
[Result "1/2-1/2"]
[BlackElo "2602"]
[WhiteElo "2593"]
[LiveChessVersion "1.4.6"]

1. d4 {[%clk 1:17:30]} d6 {[%clk 1:30:46]} 2. Nf3 {[%clk 1:17:53]} g6
{[%clk 1:31:00]} 3. c4 {[%clk 1:18:18]} Bg7 {[%clk 1:31:16]} 4. Nc3
{[%clk 1:18:37]} Nf6 {[%clk 1:30:59]} 5. e4 {[%clk 1:16:25]} O-O {[%clk 1:31:18]}
6. h3 {[%clk 1:16:52]} Nfd7 {[%clk 1:28:55]} 7. Bg5 {[%clk 1:16:44]} h6
{[%clk 1:14:06]} 8. Be3 {[%clk 1:14:36]} e5 {[%clk 1:14:29]} 9. Qd2
{[%clk 0:56:56]} Kh7 {[%clk 1:05:58]} 10. Rd1 {[%clk 0:55:29]} Qe7
{[%clk 0:46:56]} 11. Nd5 {[%clk 0:47:01]} Qd8 {[%clk 0:47:19]} 12. Nc3
{[%clk 0:35:16]} Qe7 {[%clk 0:47:38]} 13. Nd5 {[%clk 0:35:32]} Qd8
{[%clk 0:48:01]} 14. h4 c5 15. h5 g5 16. dxc5 dxc5 17. Bxg5 hxg5 18. Nxg5+ Kh8
1/2-1/2

[Event "20 ans"]
[Site "?"]
[Date "2016.10.22"]
[Round "8.7"]
[White "Vocaturo, Daniele"]
[Black "Skomorokhin, Roman"]
[Result "1-0"]
[BlackElo "2399"]
[WhiteElo "2600"]
[LiveChessVersion "1.4.6"]

1. e4 {[%clk 1:30:54]} d6 {[%clk 1:29:17]} 2. d4 {[%clk 1:31:00]} Nf6
{[%clk 1:29:32]} 3. Nc3 {[%clk 1:31:16]} e5 {[%clk 1:29:35]} 4. Nf3
{[%clk 1:30:46]} Nbd7 {[%clk 1:29:55]} 5. Bc4 {[%clk 1:30:35]} Be7
{[%clk 1:30:15]} 6. a4 {[%clk 1:30:06]} O-O {[%clk 1:30:20]} 7. O-O
{[%clk 1:30:05]} c6 {[%clk 1:30:08]} 8. h3 {[%clk 1:29:43]} b6 {[%clk 1:23:36]}
9. Qe2 {[%clk 1:27:38]} a6 {[%clk 1:22:57]} 10. Rd1 {[%clk 1:26:29]} Qc7
{[%clk 1:23:03]} 11. Be3 {[%clk 1:23:30]} Bb7 {[%clk 1:22:28]} 12. dxe5
{[%clk 1:19:23]} dxe5 {[%clk 1:20:18]} 13. Nh4 {[%clk 1:16:46]} Nc5
{[%clk 0:58:06]} 14. Nf5 {[%clk 1:14:33]} Bc8 {[%clk 0:57:34]} 15. Nxe7+
{[%clk 0:42:23]} Qxe7 {[%clk 0:57:22]} 16. f3 {[%clk 0:40:50]} a5
{[%clk 0:52:47]} 17. Qd2 Be6 {[%clk 0:41:34]} 18. Bxe6 {[%clk 0:34:52]} Qxe6
{[%clk 0:38:22]} 19. Bxc5 {[%clk 0:29:37]} bxc5 {[%clk 0:38:47]} 20. Qd6
{[%clk 0:28:47]} Rab8 {[%clk 0:31:08]} 21. Qxe6 {[%clk 0:25:29]} fxe6
{[%clk 0:31:36]} 22. Rab1 {[%clk 0:24:45]} Kf7 {[%clk 0:23:30]} 23. Rd6
{[%clk 0:21:02]} Rfc8 {[%clk 0:23:22]} 24. Nd1 {[%clk 0:20:38]} Rb4
{[%clk 0:23:12]} 25. b3 {[%clk 0:20:18]} Ke7 {[%clk 0:11:16]} 26. Rd3
{[%clk 0:18:42]} c4 {[%clk 0:10:42]} 27. Rc3 {[%clk 0:18:37]} cxb3
{[%clk 0:10:08]} 28. cxb3 {[%clk 0:18:51]} Rcb8 {[%clk 0:10:06]} 29. Rb2
{[%clk 0:18:48]} Nd7 {[%clk 0:09:19]} 30. Kf2 {[%clk 0:18:40]} c5
{[%clk 0:07:43]} 31. Ke3 {[%clk 0:14:35]} Kd6 {[%clk 0:06:15]} 32. Kd2
{[%clk 0:14:18]} Nb6 {[%clk 0:05:40]} 33. Rd3+ {[%clk 0:13:08]} Rd4
{[%clk 0:03:55]} 34. Ne3 {[%clk 0:12:17]} Kc6 {[%clk 0:02:54]} 35. Rc2
{[%clk 0:12:05]} Rbd8 {[%clk 0:02:15]} 36. Rcc3 {[%clk 0:12:29]} h5
{[%clk 0:02:16]} 37. h4 {[%clk 0:12:41]} g6 {[%clk 0:02:26]} 38. Ke2
{[%clk 0:11:54]} R8d6 {[%clk 0:01:48]} 39. Rd1 {[%clk 0:11:11]} Rxd1
{[%clk 0:00:37]} 40. Nxd1 {[%clk 0:11:32]} Rd4 {[%clk 0:00:39]} 41. Ne3
{[%clk 0:11:06]} Rd7 {[%clk 0:00:36]} 42. Nc2 {[%clk 0:10:42]} Rd8
{[%clk 0:00:44]} 43. Na3 {[%clk 0:09:47]} Rd4 {[%clk 0:00:41]} 44. Nc2
{[%clk 0:07:54]} Rd7 {[%clk 0:00:39]} 45. g3 {[%clk 0:07:45]} Rd8
{[%clk 0:00:42]} 46. f4 {[%clk 0:05:15]} Rb8 {[%clk 0:00:33]} 47. fxe5
{[%clk 0:04:52]} Nd7 {[%clk 0:00:35]} 48. Nd4+ {[%clk 0:05:11]} Kb6
{[%clk 0:00:59]} 49. Nxe6 {[%clk 0:05:34]} Re8 {[%clk 0:01:24]} 50. Nf4
{[%clk 0:05:39]} Nxe5 {[%clk 0:01:48]} 51. Nd5+ {[%clk 0:03:59]} Kc6
{[%clk 0:02:07]} 52. b4 {[%clk 0:03:08]} axb4 {[%clk 0:02:03]} 53. Nxb4+
{[%clk 0:03:34]} Kd6 {[%clk 0:02:20]} 54. Nd3 {[%clk 0:03:27]} Nd7
{[%clk 0:02:13]} 55. Kf3 {[%clk 0:02:30]} Ra8 {[%clk 0:01:54]} 56. Rc4
{[%clk 0:02:44]} Rb8 {[%clk 0:01:43]} 57. e5+ {[%clk 0:01:25]} Kd5
{[%clk 0:01:53]} 58. Re4 {[%clk 0:01:45]} Rb3 {[%clk 0:01:35]} 59. Re3
{[%clk 0:00:37]} c4 {[%clk 0:01:21]} 60. Nf4+ {[%clk 0:00:51]} Kd4
{[%clk 0:01:11]} 61. Ne2+ {[%clk 0:01:00]} Kd5 {[%clk 0:00:47]} 62. Nc3+
{[%clk 0:01:10]} Kd4 {[%clk 0:00:45]} 63. Nb5+ {[%clk 0:01:37]} Kd5
{[%clk 0:00:40]} 64. e6 {[%clk 0:01:06]} Ne5+ {[%clk 0:00:36]} 65. Kf4
{[%clk 0:01:31]} g5+ {[%clk 0:00:36]} 66. hxg5 {[%clk 0:01:47]} Ng6+
{[%clk 0:00:55]} 67. Kf3 {[%clk 0:02:13]} Ne5+ {[%clk 0:01:10]} 68. Ke2
{[%clk 0:02:29]} Rb2+ {[%clk 0:01:22]} 69. Kf1 {[%clk 0:02:00]} Rb1+
{[%clk 0:00:50]} 70. Ke2 {[%clk 0:01:48]} Rb2+ {[%clk 0:01:13]} 71. Kd1
{[%clk 0:02:07]} Ng4 {[%clk 0:00:32]} 72. Re2 {[%clk 0:01:38]} Rxe2
{[%clk 0:00:38]} 73. Kxe2 {[%clk 0:01:24]} Kxe6 {[%clk 0:01:06]} 74. a5
{[%clk 0:01:48]} Ne5 {[%clk 0:01:25]} 75. a6 {[%clk 0:01:54]} Nc6
{[%clk 0:01:45]} 76. Ke3 {[%clk 0:01:52]} c3 {[%clk 0:01:30]} 77. Nxc3
{[%clk 0:02:12]} Kf5 {[%clk 0:01:44]} 78. Ne4 {[%clk 0:02:32]} Kxe4+ 79. Kxe4 1-0

[Event "20 ans"]
[Site "?"]
[Date "2016.10.22"]
[Round "8.8"]
[White "Bellahcene, Bilel"]
[Black "Meskovs, Nikita"]
[Result "1-0"]
[BlackElo "2483"]
[WhiteElo "2475"]
[LiveChessVersion "1.4.6"]

1. d4 {[%clk 1:27:28]} Nf6 {[%clk 1:30:35]} 2. Nf3 {[%clk 1:27:43]} c5
{[%clk 1:26:26]} 3. d5 {[%clk 1:28:07]} e6 {[%clk 1:26:16]} 4. Nc3
{[%clk 1:28:33]} d6 {[%clk 1:23:29]} 5. e4 {[%clk 1:28:46]} e5 {[%clk 1:23:30]}
6. a4 {[%clk 1:23:01]} Bg4 {[%clk 1:22:41]} 7. h3 {[%clk 1:20:24]} Bxf3
{[%clk 1:22:56]} 8. Qxf3 {[%clk 1:20:53]} Be7 {[%clk 1:23:16]} 9. g4
{[%clk 1:20:49]} Nfd7 {[%clk 1:22:45]} 10. Nd1 {[%clk 1:19:42]} Bg5
{[%clk 0:49:55]} 11. Ne3 {[%clk 1:18:51]} O-O {[%clk 0:49:44]} 12. h4
{[%clk 1:14:14]} Bxe3 {[%clk 0:45:52]} 13. Qxe3 {[%clk 1:13:04]} Na6
{[%clk 0:41:25]} 14. g5 {[%clk 1:08:20]} Nb4 {[%clk 0:38:25]} 15. Kd1
{[%clk 1:07:23]} f5 {[%clk 0:38:26]} 16. exf5 {[%clk 0:59:41]} Nb6
{[%clk 0:34:03]} 17. Qe4 {[%clk 0:57:58]} a5 {[%clk 0:21:59]} 18. c3
{[%clk 0:39:04]} Na6 {[%clk 0:22:20]} 19. c4 {[%clk 0:36:42]} Nc8
{[%clk 0:14:07]} 20. Bd3 {[%clk 0:31:44]} Nb4 {[%clk 0:02:54]} 21. Bb1
{[%clk 0:32:05]} b6 {[%clk 0:01:07]} 22. f6 {[%clk 0:31:49]} 1-0